01257 a2200169 4500003000500000005001700005040000900022082001500031100002700046245009400073260004100167300001500208505069700223942002400920999001900944952012400963NUST20230202121813.0 cNust a954.03,MAS aMasani, R. P. 9108464 aBritain In India :bAn Account of British Rule in The Indian Subcontinent /cR.P. Mashani aLondonbOxford universty pressc1960 axi:278 p.; aThe Lure of India (Page-1), Dream of an Empire (Page-7), The Vision of a Self – Governing India (Page-15), The Empire at Its Zenith (Page-29), The Scepter Passes to the Crown (Page-40), The Growth of India Nationalism (Page-52), Liberalizing The Administrative Machinery (Page-68), An Era of Reforms (Page-76), A hero’s Home – Coming (Page-96), The Doctrine of Non-Violence (Page-106), From Diarchy to anarchy (Page-118), The Round Table Conference and After (Page-130), Rebels in Office (Page-153), a Frustrated Mission (Page-179), Quit India (Page-189), Toward Co- Operation (Page-206), Britain Ready (Page-229), The Congress Submits to Partition (Page-247), Exit Britain (Page-263).  2ddccBKk954.03,MAS c194004d194004 00102ddc4070aMCSbMCScGENd2016-12-12o954.03,MASpMCS29139r2016-12-08w2016-12-12yBKzAlmirah No.61, Shelf No.4